Agribusiness Management (Record no. 4591)

MARC details
000 -LEADER
fixed length control field 00432nam a22001577a 4500
008 - FIXED-LENGTH DATA ELEMENTS--GENERAL INFORMATION
fixed length control field 260305b |||||||| |||| 00| 0 eng d
020 ## - INTERNATIONAL STANDARD BOOK NUMBER
ISBN 9780367341947
100 ## - MAIN ENTRY--AUTHOR
Author Freddie, L. Barand
245 ## - TITLE STATEMENT
Title Agribusiness Management
260 ## - PUBLICATION, DISTRIBUTION, ETC. (IMPRINT)
Place of publication 6th
Name of publisher Abingdon, oxon
Date of publication Routledge
300 ## - COLLATION
Pagination xxiii, 532p.
650 ## - TRACINGS
Main Subject Agricultural Industry- Management
Subdivision (1st) Agric-Economic
942 ## - ADDED ENTRY ELEMENTS (KOHA)
Item type Books
050 ## - LIBRARY OF CONGRESS CALL NUMBER
Classification number HD9000.5
Item number .B37
Holdings
Source of classification or shelving scheme Not for loan Permanent location Current location Date acquired Accession No. Full call number Barcode. Copy number Koha item type
Library of Congress Classification   Samuel Ogbemudia Main Library, University of Abuja Samuel Ogbemudia Main Library, University of Abuja 03/05/2026 2025/68808 HD9000.5 .B37 2026-0077 1 Books